000 00625naa a2200193 4500
001 179354
003 ES-MaBCM
005 20241016192432.0
008 100913s2010 esp|r0p 0 ||spa d
021 _axx
035 _a(OCoLC)1365134089
040 _cES-MaBCM
100 1 _aFélix Parrondo, Esther de
_991071
245 1 0 _aPrincipales modificaciones de la Ley de competencia desleal
_cEsther de Félix Parrondo
650 2 7 _aCompetencia económica desleal
_958006
651 2 4 _aEspaña
_9115342
773 0 _aEn:
_t Economist & jurist
_dBarcelona
_w104922
_gAño XVIII, n. 142 (jul.-ag. 2010), p. 46-50
942 _cAREV
999 _c179354
_d179354